Biblioteca y Centro de Documentación

Percepción ciudadana del funcionamiento de los servicios públicos (2006) (Registro nro. 20367)

Detalles MARC
000 -CABECERA
Longitud fija campo de control 01677nam a2200385 c 4500
001 - NÚMERO DE CONTROL
Número de control 20367
003 - IDENTIFICADOR DE NÚMERO DE CONTROL
Identificador del número de control ES-MaCES
005 - FECHA Y HORA DE LA ÚLTIMA TRANSACCIÓN
Fecha y hora de la última transacción 20141221122647.0
008 - CAMPO FIJO DE DESCRIPCIÓN FIJA--INFORMACIÓN GENERAL
Códigos de información de longitud fija   070727s2007 sp t o000 | spa d
017 ## - NÚMERO DE REGISTRO DE DERECHOS DE AUTOR Y DEPÓSITO LEGAL
Número de copyright o de depósito legal M 17188-2006
Agencia que asigna el número DL
024 7# - OTROS IDENTIFICADORES
Número normalizado o código 331-07-017-0
Fuente del número o código nipo
035 ## - NÚMERO DE CONTROL DEL SISTEMA
Número de control del sistema CES20070009100m
040 ## - FUENTE DE CATALOGACIÓN
Centro catalogador de origen ES-MaCES
Lengua de catalogación spa
Centro transcriptor ES-MaCES
245 00 - MENCIÓN DE TÍTULO
Título Percepción ciudadana del funcionamiento de los servicios públicos (2006)
Resto del título : una valoración de los resultados de la Encuesta conjunta del C.I.S. y la Agencia de Evaluación y Calidad
Mención de responsabilidad, etc. estudio del Observatorio de Calidad de los Servicios Públicos
260 ## - PUBLICACIÓN, DISTRIBUCIÓN, ETC (PIE DE IMPRENTA)
Lugar de publicación, distribución, etc. [Madrid]
Nombre del editor, distribuidor, etc. Agencia Estatal de Evaluación de las Políticas Públicas y la Calidad de los Servicios
Fecha de publicación, distribución, etc. [2007]
300 ## - DESCRIPCIÓN FÍSICA
Extensión 58, [8] p.
Dimensiones 29 cm
490 1# - MENCIÓN DE SERIE
Mención de serie Papeles de evaluación
Designación de volumen o secuencia 5-2007
541 ## - NOTA DE LA FUENTE INMEDIANTE DE ADQUISICIÓN
Forma de adquisición Gratuito
650 #4 - ASIENTO SECUNDARIO DE MATERIA--TÉRMINO DE MATERIA
Término de materia o nombre geográfico como elemento inicial servicios públicos
9 (RLIN) 27230
650 #4 - ASIENTO SECUNDARIO DE MATERIA--TÉRMINO DE MATERIA
Término de materia o nombre geográfico como elemento inicial administración pública
9 (RLIN) 27214
650 #4 - ASIENTO SECUNDARIO DE MATERIA--TÉRMINO DE MATERIA
Término de materia o nombre geográfico como elemento inicial reforma administrativa
9 (RLIN) 27223
650 #4 - ASIENTO SECUNDARIO DE MATERIA--TÉRMINO DE MATERIA
Término de materia o nombre geográfico como elemento inicial opinión pública
9 (RLIN) 27247
650 #4 - ASIENTO SECUNDARIO DE MATERIA--TÉRMINO DE MATERIA
Término de materia o nombre geográfico como elemento inicial actitud
9 (RLIN) 26696
650 #4 - ASIENTO SECUNDARIO DE MATERIA--TÉRMINO DE MATERIA
Término de materia o nombre geográfico como elemento inicial España
9 (RLIN) 26964
650 #4 - ASIENTO SECUNDARIO DE MATERIA--TÉRMINO DE MATERIA
Término de materia o nombre geográfico como elemento inicial 2006
9 (RLIN) 31838
650 #4 - ASIENTO SECUNDARIO DE MATERIA--TÉRMINO DE MATERIA
Término de materia o nombre geográfico como elemento inicial encuesta
9 (RLIN) 28856
650 #4 - ASIENTO SECUNDARIO DE MATERIA--TÉRMINO DE MATERIA
Término de materia o nombre geográfico como elemento inicial evaluación
9 (RLIN) 28893
653 10 - TÉRMINO DE INDEXACIÓN--NO CONTROLADO
Término no controlado Administración-Instituciones públicas
710 2# - ENCABEZAMIENTO SECUNDARIO--NOMBRE CORPORATIVO
Nombre de entidad o nombre de jurisdicción como elemento inicial Agencia Estatal de Evaluación de las Políticas Públicas y la Calidad de los Servicios (España)
Término indicativo de función ed.
9 (RLIN) 1258
710 2# - ENCABEZAMIENTO SECUNDARIO--NOMBRE CORPORATIVO
Nombre de entidad o nombre de jurisdicción como elemento inicial Centro de Investigaciones Sociológicas (Madrid)
9 (RLIN) 1893
830 #0 - ENCABEZAMIENTO SECUNDARIO DE COLECCIÓN--TÍTULO UNIFORME
Título uniforme Papeles de evaluación (Agencia Estatal de Evaluación de las Políticas Públicas y la Calidad de los Servicios (España))
Designación de volumen o secuencia 5-2007
9 (RLIN) 34325
902 ## - CES. TIPO DE DOCUMENTO
Tipodoc (006$c Sirtex) DOC Literatura gris
942 ## - ELEMENTOS KOHA
Fuente de clasificaión o esquema Clasificación propia del CES
Koha [por defecto] tipo de item Monografías
Parte de clasificación 6.3.
Existencias
Número de registro Signatura completa Tipo de item de Koha
068499 DOC-6.3.-164 Monografías
© CES, Consejo Económico y Social de España 2021